000 02577nam0a2200385 i 4500
001 RU\NLR\BIBL_A\011172021
005 20260408043713.0
010 _a9785796806050
_9500
021 _aRU
_b2016-49582
_93182
035 _a(NILC)RuMoRGB-008525209
035 _a(NLR Aleph) 011172021
090 _a11770361
_c11770361
100 _a20160705d2015 km y0rusy50 ca
101 0 _arus
_deng
102 _aRU
105 _aab||z|||000yy
200 1 _aРастительный и животный мир Быстринского природного парка (Центральная Камчатка)
_f[Владимир Васильевич Бурый, Юрий Анатольевич Василевский, Юрий Николаевич Герасимов, к.б.н. и др.
_gотв. ред. О. А. Чернягина]
_gМ-во образования и науки Российской Федерации, Камчатский фил. ФГБУН, Тихоокеанский ин-т географии Дальневосточного отд-ния Российской акад. наук, Гос. образовательное учреждение высш. проф. образования Камчатский гос. ун-т им. Витуса Беринга
210 _aПетропавловск-Камчатский
_cИзд-во Камчатского государственного университета
_d2015
215 _a241 с.
_cил., цв. ил., карт.
_d29
300 _aАвт. указаны на 240-й с. текста
320 _aБиблиогр.: с. 233-239 (137 назв.)
601 0 2 _a"Быстринский", природный парк
_cсело Эссо, Камчатский край
_92623144
_3RU\NLR\AUTH\661559704
675 _a57
686 1 _aБ12(2)Быстринский
701 1 _aБурый
_bВ. В.
_gВладимир Васильевич
701 1 _aВасилевский
_bЮ. А.
_gЮрий Анатольевич
701 1 _7ca
_8rus
_aГерасимов
_bЮ. Н.
_cканд. биол. наук
_f1962-
_gЮрий Николаевич
_9151529
_3RU\NLR\AUTH\770151567
702 1 _aЧернягина
_bО. А.
_gОльга Андреевна
_4340
711 0 2 _a"Быстринский", природный парк
_cс. Эссо, Камчатский край
_3RU\NLR\AUTH\8810191821
_9274011
801 0 _aRU
_bРГБ
_c20160622
_gRCR
801 1 _aRU
_bРГБ
_c20160622
_2rusmarc
942 _cBOOK
980 _aNBR